| 000 | 00427nam a2200157Ia 4500 | ||
|---|---|---|---|
| 008 | 240825s9999 xx 000 0 und d | ||
| 020 |
_a9788189833114 _qpbk |
||
| 082 |
_a895.734 _bKHA |
||
| 100 | _aKhan | ||
| 245 | 0 |
_aCrisis in The Indian Subcontinent; Partition; Can It Be Undone? : 2007 _c/ Khan |
|
| 250 | _a1st edition | ||
| 260 |
_bAakar Books _c2007 |
||
| 300 | _a226 pages | ||
| 650 | _aPolitics | ||
| 942 | _cENGLISH | ||
| 999 |
_c553119 _d553119 |
||